Kādīlāk (Record no. 45369)

MARC details
000 -LEADER
fixed length control field 00629cam a22002291 4500
001 - CONTROL NUMBER
control field ne 62001763
003 - CONTROL NUMBER IDENTIFIER
control field DLC
005 - DATE AND TIME OF LATEST TRANSACTION
control field 20260227111739.0
008 - FIXED-LENGTH DATA ELEMENTS--GENERAL INFORMATION
fixed length control field 900525s1961 le 000 1 ararc
010 ## - LIBRARY OF CONGRESS CONTROL NUMBER
LC control number ne 62001763
025 ## - OVERSEAS ACQUISITION NUMBER
Overseas acquisition number PL480:UAR-667
035 ## - SYSTEM CONTROL NUMBER
System control number (OCoLC)21591577
040 ## - CATALOGING SOURCE
Original cataloging agency Princeton Univ. Libr.
Transcribing agency WaU
Modifying agency DLC
042 ## - AUTHENTICATION CODE
Authentication code premarc
050 00 - LIBRARY OF CONGRESS CALL NUMBER
Classification number PJ7810.L35
Item number K3
100 1# - MAIN ENTRY--PERSONAL NAME
Personal name ʻAlāyilī, Wafīq.
245 10 - TITLE STATEMENT
Title Kādīlāk
Statement of responsibility, etc. [taʼlīf] Wafīq al-ʻAlāyilī.
250 ## - EDITION STATEMENT
Edition statement [al-Ṭabʻah al-ūlá]
260 ## - PUBLICATION, DISTRIBUTION, ETC.
Place of publication, distribution, etc. Bayrūt,
Name of publisher, distributor, etc. Maktabat al-Maʻārif
Date of publication, distribution, etc. [1961]
300 ## - PHYSICAL DESCRIPTION
Extent 287 p.
Dimensions 20 cm.
500 ## - GENERAL NOTE
General note Short stories.

No items available.

Powered by Koha